London Airports by Distance from Big Ben - Statistics

General Stats
  • This quiz has been taken 22 times
  • The average score is 5 of 6
Answer Stats
km Airport % Correct
23 Heathrow
100%
12 City
90%
39 Gatwick
85%
45 Luton
65%
50 Stansted
60%
57 Southend
50%
No matching quizzes found
Score Distribution
Percent of People with Each Score
Percentile by Number Answered
Your Score History
You have not taken this quiz